|
|
|
|
| LEADER |
01119naa a2200337 a 4500 |
| 001 |
000085605 |
| 003 |
SVKKK |
| 005 |
20070914102334.0 |
| 008 |
050331c2004 xr e eng |
| FMT |
|
|
|
| 015 |
|
|
|a SNBRA2007/08-ccccc
|
| 038 |
|
|
|a SVKKK
|
| 040 |
|
|
|a SVKKK
|b slo
|e AACR2
|
| 041 |
0 |
|
|a eng
|b eng
|
| 044 |
|
|
|a xr
|c SK
|
| 080 |
|
|
|a 669.753
|2 1997
|
| 100 |
1 |
|
|a Solozhenkin, Peter M.
|4 aut
|
| 242 |
1 |
0 |
|a Extrakcia oxidu antimonitého z koncentrátov zlata a antimónu pomocou nových rozpúšťadiel
|
| 245 |
1 |
0 |
|a Extraction of antimony trioxide from gold-antimony concentrates by new solutioners
|c Peter M. Solozhenkin, Evgenii V. Bondarenko
|
| 300 |
|
|
|b Tab.
|
| 504 |
|
|
|a Bibliogr. odkazy
|
| 504 |
|
|
|a Res. angl.
|
| 650 |
0 |
4 |
|a extrakcia antimónu
|x koncentráty Au-Sb
|x lúhovanie
|x chloridy
|
| 700 |
1 |
|
|a Bondarenko, Evgenii V.
|4 aut
|
| 773 |
0 |
|
|t 8th Conference on environment and mineral processing, part 2
|d Ostrava : Vysoká škola báňská - Technická univerzita, 2004
|z 80-248-0559-6
|g S.487-492
|
| 958 |
|
|
|a NB
|
| 992 |
|
|
|a RZB
|
| BAS |
|
|
|
| 852 |
|
|
|a SVKKK
|b BIB
|
| EXP |
|
|
|
| 998 |
|
|
|a HUT
|